| 000 | 01046cam a2200277 i 4500 | ||
|---|---|---|---|
| 001 | 78222 | ||
| 003 | BD-RjUL | ||
| 005 | 20211209083115.0 | ||
| 008 | 210821s2007 ii 000 0aara | ||
| 035 | _a(BD-RjUL)78448 | ||
| 040 |
_aDLC _beng _erda _cDLC |
||
| 041 | 1 |
_aara _htat |
|
| 082 |
_223 _a297.092 _bAMH 2007 |
||
| 100 |
_aAmin, Ahmad _9247065 |
||
| 245 | 1 | 0 |
_a حياتي ;; Ḥayātī / _cاحمد امين ; عبد العزيزعتيق ;; Ahmed Amin ; Abdul Aziz Ateeq |
| 250 | _aal-Ṭabʻah al-ūlá. | ||
| 264 | 1 |
_aديوبند ;; Deoband : _bدار المعارف ;;dar almaearif , _c2007 |
|
| 300 |
_a301 pages ; _c22 cm |
||
| 650 | 0 |
_aMuslims _zRussia _vBiography. _9247066 |
|
| 650 | 0 |
_aMuslims _zRussia (Federation) _vBiography. _9247067 |
|
| 650 | 0 |
_aTatars _zRussia _vBiography. _9247068 |
|
| 650 | 0 |
_aTatars _zRussia (Federation) _vBiography. _9247069 |
|
| 651 | 0 |
_aHejaz (Saudi Arabia) _xDescription and travel. _9247070 |
|
| 700 | 1 |
_aAtiq Abdul Aziz ;; عتيق, عبد العزيز _etranslator. _9111763 |
|
| 942 |
_2ddc _cBK |
||
| 999 |
_c78222 _d78222 |
||